000 00887nam a2200253Ia 4500
003 OSt
005 20220923215740.0
006 a|||||r|||| 00| 0
007 ta
008 220922b |||||||| |||| 00| 0 hin d
024 _a181,470
037 _cTextual
040 _aARTS
_cARTS
_bhin
041 _2hin
_ahin
082 _aO152,1N2:g, M2
100 _aचतुर्वेदी, ऋषि कुमार
_9159191
245 0 _aछायावादोत्तर हिन्दी कविता
246 _aChhāyāvādottar hindī kavitā
260 _aअलीगढ़
_b ग्रंथायन प्रकाशन
_c1982
300 _a171 पृ.
_ccm.
650 _aहिन्दी साहित्य
_9156264
942 _hO152,1N2:g, M2
_cTEXL
_2CC
999 _c334847
_d334847